Hodnotenie experimentálnych parametrov pre spoľahlivú analýzu prchavých organických zlúčenín pomocou úplnej viacrozmernej plynovej chromatografie
Guardado en:
| Autor principal: | |
|---|---|
| Otros Autores: | |
| Formato: | Manuscrito Libro |
| Lenguaje: | eslovaco |
| Publicado: |
2024
|
| Materias: | |
| Acceso en línea: | http://is.stuba.sk/zp/portal_zp.pl?podrobnosti=176592 |
| Etiquetas: |
Sin Etiquetas, Sea el primero en etiquetar este registro!
|
MARC
| LEADER | 00000ntm a22000003a 4500 | ||
|---|---|---|---|
| 001 | stuzp99334 | ||
| 003 | SK-STU | ||
| 005 | 20240601210632.3 | ||
| 007 | ta | ||
| 008 | 150427s2015----xo-----f-mn---000-0-slo-d | ||
| 040 | |a STU |b slo | ||
| 041 | 0 | |a slo | |
| 100 | 1 | |a Sklenárová, Dominika |u 041000 |4 aut |U FCHPT Fakulta chemickej a potravinárskej technológie |T FCHPT Ústav analytickej chémie |X 121755 |U C1000 |Y 99 |7 121755 | |
| 242 | 0 | 1 | |a Evaluating of experimental parameters for reliable analysis of volatile organic compounds in comprehensive two-dimensional gas chromatography |y eng |
| 245 | 1 | 0 | |a Hodnotenie experimentálnych parametrov pre spoľahlivú analýzu prchavých organických zlúčenín pomocou úplnej viacrozmernej plynovej chromatografie |
| 260 | |c 2024 | ||
| 650 | 4 | |a prchavé organické zlúčeniny |2 slo | |
| 650 | 4 | |a dvojrozmerná plynová chromatografia |2 slo | |
| 650 | 4 | |a víno |2 slo | |
| 650 | 4 | |a diferenciálny modulátor prietoku |2 slo | |
| 650 | 4 | |a comprehensive two-dimensional gas chromatography |2 eng | |
| 650 | 4 | |a differential flow modulator |2 eng | |
| 650 | 4 | |a volatile organic compounds |2 eng | |
| 650 | 4 | |a wine |2 eng | |
| 700 | 1 | |a Vyviurska, Olga |u 041000 |k Z1 |4 ths |U FCHPT Fakulta chemickej a potravinárskej technológie |T FCHPT Ústav analytickej chémie |X 45099 |U C1000 |Y 99 |7 A0000045099 | |
| 856 | 4 | |u http://is.stuba.sk/zp/portal_zp.pl?podrobnosti=176592 | |